xxxtentacion - skin lyrics - Statistics

General Stats
  • This quiz has been taken 23 times
  • The average score is 104 of 293
Answer Stats
Answer % Correct
i
85%
skin
80%
the
75%
her
70%
on
70%
she
70%
a
65%
blade
65%
hand
65%
in
65%
scars
65%
there
65%
was
65%
with
65%
kiss
55%
of
55%
is
50%
man
50%
to
50%
for
45%
heart
45%
play
45%
replaced
45%
as
40%
be
40%
passive
40%
but
35%
home
35%
long
35%
loss
35%
shes
35%
you
35%
leaves
30%
love
30%
part
30%
played
30%
such
30%
till
30%
victim
30%
accepting
25%
defeat
25%
do
25%
foreclose
25%
know
25%
pain
25%
regret
25%
rid
25%
when
25%
body
20%
cut
20%
defense
20%
fills
20%
heartbeat
20%
im
20%
known
20%
my
20%
offense
20%
or
20%
out
20%
shell
20%
shots
20%
stomp
20%
violent
20%
yeah
20%
dont
15%
fucker
15%
if
15%
it
15%
needed
15%
pig
15%
pump
15%
silent
15%
so
15%
stump
15%
will
15%
wrists
15%
cause
10%
death
10%
equipped
10%
his
10%
ill
10%
learnt
10%
me
10%
my
10%
sane
10%
slow
10%
that
10%
then
10%
this
10%
until
10%
at
5%
eat
5%
far
5%
gut
5%
just
5%
like
5%
made
5%
marksman
5%
am
0%
can
0%
exsist
0%
No matching quizzes found
Score Distribution
Percent of People with Each Score
Percentile by Number Answered
Your Score History
You have not taken this quiz